| 000 | 00370nam a2200121Ia 4500 | ||
|---|---|---|---|
| 008 | 220620s9999||||xx |||||||||||||| ||und|| | ||
| 245 | 0 | _aRecent Advances in Crystallography | |
| 546 | _aEnglish[eng] | ||
| 650 | _aInorganic chemistry | ||
| 700 | _aBenedict, Jason B. | ||
| 856 | _uhttps://mts.intechopen.com/storage/books/2334/authors_book/authors_book.pdf | ||
| 942 | _cEB | ||
| 999 |
_c27521 _d27521 |
||